Movies Quiz

Random Movies or Cast Quiz

Jean-Pierre Melville Films Cast Quiz Stats

 Plays Quiz not verified by Sporcle

Score 0/75 Timer 15:00
0 Plays Today
Hint Answer % Correct
Le Samourai (1967)Alain Delon
88.9%
Le Samourai (1967)Nathalie Delon
88.9%
Le cercle rouge (1970)Alain Delon
88.9%
Un flic (1972)Alain Delon
88.9%
Leon Morin, Priest (1961)Jean-Paul Belmondo
85.2%
Le Doulos (1962)Jean-Paul Belmondo
85.2%
Magnet of Doom (1963)Jean-Paul Belmondo
85.2%
Un flic (1972)Catherine Deneuve
70.4%
Le Deuxieme Souffle (1966)Lino Ventura
63%
Army of Shadows (1969)Lino Ventura
63%
Army of Shadows (1969)Simone Signoret
59.3%
Le cercle rouge (1970)Yves Montand
59.3%
Le Samourai (1967)Francois Perier
55.6%
Le cercle rouge (1970)Francois Perier
55.6%
Leon Morin, Priest (1961)Emmanuelle Riva
51.9%
Le Doulos (1962)Serge Reggiani
51.9%
Le cercle rouge (1970)Andre Bourvil
51.9%
Army of Shadows (1969)Serge Reggiani
51.9%
Two Men in Manhattan (1959)Jean-Pierre Melville
48.1%
Le Deuxieme Souffle (1966)Paul Meurisse
44.4%
Army of Shadows (1969)Paul Meurisse
44.4%
Un flic (1972)Richard Crenna
44.4%
Army of Shadows (1969)Jean-Pierre Cassel
40.7%
Le cercle rouge (1970)Gian Maria Volonte
40.7%
The Silence of the Sea (1949)Howard Vernon
37%
Le Deuxieme Souffle (1966)Michel Constantin
33.3%
Les Enfants terribles (1950)Jean Cocteau
29.6%
Le Doulos (1962)Michel Piccoli
29.6%
Army of Shadows (1969)Claude Mann
29.6%
Un flic (1972)Paul Crauchet
25.9%
Army of Shadows (1969)Paul Crauchet
25.9%
Le cercle rouge (1970)Paul Crauchet
25.9%
The Silence of the Sea (1949)Jean-Marie Robain
22.2%
Les Enfants terribles (1950)Jean-Marie Robain
22.2%
Magnet of Doom (1963)Charles Vanel
22.2%
Magnet of Doom (1963)Michele Mercier
22.2%
Le Samourai (1967)Cathy Rosier
22.2%
The Silence of the Sea (1949)Nicole Stephane
18.5%
Hint Answer % Correct
Les Enfants terribles (1950)Nicole Stephane
18.5%
Quand tu liras cette lettre (1953)Daniel Cauchy
18.5%
Bob le flambeur (1956)Roger Duchesne
18.5%
Bob le flambeur (1956)Isabelle Corey
18.5%
Bob le flambeur (1956)Daniel Cauchy
18.5%
Le Deuxieme Souffle (1966)Raymond Pellegrin
18.5%
Le Deuxieme Souffle (1966)Christine Fabrega
18.5%
Le Deuxieme Souffle (1966)Marcel Bozzuffi
18.5%
Army of Shadows (1969)Christian Barbier
18.5%
Un flic (1972)Andre Pousse
17.6%
Le Doulos (1962)Philippe Nahon
14.8%
Le Doulos (1962)Monique Hennessy
14.8%
Un flic (1972)Michael Conrad
14.8%
Two Men in Manhattan (1959)Monique Hennessy
14.8%
Leon Morin, Priest (1961)Monique Hennessy
14.8%
Les Enfants terribles (1950)Edoard Dermit
11.1%
Les Enfants terribles (1950)Jacques Bernard
11.1%
Quand tu liras cette lettre (1953)Philippe Lemaire
11.1%
Quand tu liras cette lettre (1953)Juliette Greco
11.1%
Quand tu liras cette lettre (1953)Yvonne Sanson
11.1%
Quand tu liras cette lettre (1953)Irene Galter
11.1%
Bob le flambeur (1956)Guy Decombe
11.1%
Bob le flambeur (1956)Andre Garet
11.1%
Two Men in Manhattan (1959)Pierre Grasset
11.1%
Two Men in Manhattan (1959)Christiane Eudes
11.1%
Two Men in Manhattan (1959)Ginger Hall
11.1%
Two Men in Manhattan (1959)Colette Fleury
11.1%
Leon Morin, Priest (1961)Irene Tunc
11.1%
Leon Morin, Priest (1961)Nicole Mirel
11.1%
Leon Morin, Priest (1961)Gisele Grimm
11.1%
Magnet of Doom (1963)Stefania Sandrelli
11.1%
Le Deuxieme Souffle (1966)Paul Frankeur
11.1%
Le cercle rouge (1970)Paul Amiot
11.1%
Un flic (1972)Riccardo Cucciolla
11.1%
Les Enfants terribles (1950)Renee Cosima
11.1%
Le cercle rouge (1970)Pierre Collet
5.9%
Un flic (1972)Simone Valere
0%

You're not logged in!

Compare scores with friends on all Sporcle quizzes.
OR
Log In

Sporcle TV

Today on Sporcle TV


Watch our educational content, quiz creation guides, and fun videos on Sporcle TV.

Show Comments

Extras

Created Aug 14, 2016ReportNominate
Tags:Cast Quiz

Top Quizzes Today


Score Distribution

Your Account Isn't Verified!

In order to create a playlist on Sporcle, you need to verify the email address you used during registration. Go to your Sporcle Settings to finish the process.

Report this User

Report this user for behavior that violates our Community Guidelines.

Details: